[Event "WCO 2016"]
[Site "?"]
[Date "2016.09.13"]
[Round "11"]
[Board "27"]
[WhiteID "13800043"]
[White "Alymbay Kyzy Aizhan"]
[BlackID "10201734"]
[Black "Khan Nazrana"]
[Result "1-0"]
[BlackElo "1965"]
[WhiteElo "1913"]
[LiveChessVersion "1.4.8"]

1. e4 {[%clk 1:30:59]} c5 {[%clk 1:30:55]} 2. c3 {[%clk 1:31:01]} d5
{[%clk 1:31:04]} 3. exd5 {[%clk 1:31:25]} Qxd5 {[%clk 1:31:27]} 4. d4
{[%clk 1:31:52]} Nf6 {[%clk 1:30:58]} 5. Nf3 {[%clk 1:29:58]} Bg4
{[%clk 1:30:36]} 6. Be2 {[%clk 1:30:18]} e6 {[%clk 1:29:25]} 7. Na3
{[%clk 1:29:24]} Be7 {[%clk 1:25:04]} 8. Nb5 {[%clk 1:26:09]} Na6
{[%clk 1:24:53]} 9. O-O {[%clk 1:24:48]} O-O {[%clk 1:24:48]} 10. h3
{[%clk 1:24:57]} Bh5 {[%clk 1:23:28]} 11. Be3 {[%clk 1:17:04]} cxd4
{[%clk 1:16:33]} 12. c4 {[%clk 1:05:18]} Qd8 {[%clk 1:12:59]} 13. Nfxd4
{[%clk 1:04:35]} Bxe2 {[%clk 1:11:54]} 14. Qxe2 {[%clk 1:04:56]} Bc5
{[%clk 1:10:24]} 15. Rfd1 {[%clk 1:03:06]} Qe7 {[%clk 1:07:04]} 16. Bg5
{[%clk 0:57:26]} e5 {[%clk 0:59:25]} 17. Nf5 {[%clk 0:48:47]} Qe6
{[%clk 0:56:01]} 18. Qf3 {[%clk 0:45:37]} Ne8 {[%clk 0:46:22]} 19. Qg4
{[%clk 0:41:22]} Kh8 {[%clk 0:37:55]} 20. a3 {[%clk 0:37:00]} g6 {[%clk 0:36:21]}
21. Ne3 {[%clk 0:32:37]} f5 {[%clk 0:33:34]} 22. Qe2 {[%clk 0:32:39]} f4
{[%clk 0:32:54]} 23. Nd5 {[%clk 0:28:12]} f3 {[%clk 0:28:42]} 24. gxf3
{[%clk 0:28:38]} Qxh3 {[%clk 0:25:31]} 25. Qxe5+ {[%clk 0:28:54]} Ng7
{[%clk 0:25:01]} 26. Bf6 {[%clk 0:26:21]} Kg8 {[%clk 0:22:11]} 27. Ne7+
{[%clk 0:26:18]} Bxe7 {[%clk 0:20:59]} 28. Qxe7 {[%clk 0:24:54]} Nh5
{[%clk 0:19:15]} 29. Rd7 {[%clk 0:24:49]} Qxd7 {[%clk 0:16:55]} 30. Qxd7
{[%clk 0:25:15]} Rxf6 {[%clk 0:16:38]} 31. Qxb7 {[%clk 0:25:12]} Raf8
{[%clk 0:16:32]} 32. Qd5+ {[%clk 0:25:37]} Kg7 {[%clk 0:16:25]} 33. Re1
{[%clk 0:21:24]} R8f7 {[%clk 0:15:13]} 34. Nd6 {[%clk 0:20:43]} Rd7
{[%clk 0:13:22]} 35. Ne8+ {[%clk 0:21:07]} Kh6 {[%clk 0:11:33]} 36. Qxd7
{[%clk 0:21:26]} Rxf3 {[%clk 0:11:32]} 37. Qd2+ {[%clk 0:21:46]} Nf4
{[%clk 0:11:31]} 38. Re3 {[%clk 0:21:43]} 1-0

[Event "WCO 2016"]
[Site "?"]
[Date "2016.09.13"]
[Round "11"]
[Board "28"]
[WhiteID "10200096"]
[White "Hamid Rani"]
[BlackID "13803603"]
[Black "Zairbek kyzy Begimay"]
[Result "1/2-1/2"]
[BlackElo "1836"]
[WhiteElo "1993"]
[LiveChessVersion "1.4.8"]

1. e4 {[%clk 1:30:58]} c6 {[%clk 1:30:50]} 2. d4 {[%clk 1:31:25]} d5
{[%clk 1:31:16]} 3. Nc3 {[%clk 1:31:47]} dxe4 {[%clk 1:31:34]} 4. Nxe4
{[%clk 1:32:08]} Nd7 {[%clk 1:32:00]} 5. Bc4 {[%clk 1:30:29]} Ngf6
{[%clk 1:32:19]} 6. Ng5 {[%clk 1:30:17]} e6 {[%clk 1:32:37]} 7. Qe2
{[%clk 1:29:52]} Nb6 {[%clk 1:32:09]} 8. Bd3 {[%clk 1:29:53]} h6 {[%clk 1:22:06]}
9. N5f3 {[%clk 1:29:52]} Bd6 {[%clk 1:20:29]} 10. Ne5 {[%clk 1:29:24]} Nbd5
{[%clk 1:18:11]} 11. c3 {[%clk 1:28:26]} O-O {[%clk 1:16:55]} 12. Ngf3
{[%clk 1:28:48]} Qc7 {[%clk 1:15:44]} 13. O-O {[%clk 1:28:56]} b6
{[%clk 1:13:29]} 14. Bd2 {[%clk 1:26:57]} Bb7 {[%clk 1:11:55]} 15. Rfe1
{[%clk 1:26:48]} c5 {[%clk 1:11:20]} 16. Rac1 {[%clk 1:26:21]} Rac8
{[%clk 1:09:42]} 17. a3 {[%clk 1:25:16]} Qb8 {[%clk 1:05:22]} 18. c4
{[%clk 1:17:30]} Ne7 {[%clk 1:04:58]} 19. dxc5 {[%clk 1:16:28]} bxc5
{[%clk 1:03:22]} 20. Bc3 {[%clk 1:15:34]} Nc6 {[%clk 0:59:32]} 21. Nxc6
{[%clk 1:14:23]} Bxc6 {[%clk 0:59:19]} 22. Ne5 {[%clk 1:14:28]} Ba8
{[%clk 0:58:12]} 23. Rcd1 {[%clk 1:12:06]} Qb7 {[%clk 0:55:26]} 24. f4
{[%clk 1:12:18]} Rfd8 {[%clk 0:54:15]} 25. Bc2 {[%clk 1:06:10]} Bb8
{[%clk 0:39:55]} 26. Rd2 {[%clk 1:01:57]} Rxd2 {[%clk 0:33:36]} 27. Qxd2
{[%clk 1:02:13]} Qb6 {[%clk 0:31:52]} 28. Ba5 {[%clk 0:56:07]} Qa6
{[%clk 0:27:51]} 29. Re3 {[%clk 0:54:24]} Ne8 {[%clk 0:25:18]} 30. b3
{[%clk 0:43:39]} Nd6 {[%clk 0:22:57]} 31. Nd7 {[%clk 0:37:01]} Qb7
{[%clk 0:19:55]} 32. Nxb8 {[%clk 0:30:36]} Rxb8 {[%clk 0:19:06]} 33. Rd3
{[%clk 0:26:06]} Ne4 {[%clk 0:11:03]} 34. Rd8+ {[%clk 0:21:19]} Rxd8
{[%clk 0:10:05]} 35. Qxd8+ {[%clk 0:21:46]} Kh7 {[%clk 0:10:31]} 36. Qc7
{[%clk 0:21:02]} f5 {[%clk 0:08:46]} 37. Qxb7 {[%clk 0:20:48]} Bxb7
{[%clk 0:09:08]} 38. Kf1 {[%clk 0:18:11]} Nf6 {[%clk 0:08:55]} 39. Bd2
{[%clk 0:17:04]} Be4 {[%clk 0:08:00]} 40. Bd1 {[%clk 0:46:31]} Kg8
{[%clk 0:35:02]} 41. Be3 {[%clk 0:45:00]} Nd7 {[%clk 0:32:56]} 42. g3
{[%clk 0:42:48]} Kf8 {[%clk 0:32:59]} 43. Ke1 {[%clk 0:43:11]} Ke7
{[%clk 0:32:53]} 44. Kd2 {[%clk 0:43:16]} Kd6 {[%clk 0:32:51]} 45. Kc3
{[%clk 0:43:22]} a6 {[%clk 0:30:19]} 46. b4 {[%clk 0:42:45]} Bc6 {[%clk 0:30:05]}
47. Be2 {[%clk 0:42:40]} g6 {[%clk 0:20:56]} 48. g4 {[%clk 0:39:26]} Bb7
{[%clk 0:19:26]} 49. h4 {[%clk 0:38:47]} cxb4+ {[%clk 0:18:09]} 50. axb4
{[%clk 0:38:58]} fxg4 {[%clk 0:17:57]} 51. Bxg4 {[%clk 0:39:08]} Nf6
{[%clk 0:17:16]} 52. Be2 {[%clk 0:38:34]} Ne4+ {[%clk 0:15:56]} 53. Kd4
{[%clk 0:38:56]} Ng3 {[%clk 0:16:07]} 54. c5+ {[%clk 0:34:16]} Kd7
{[%clk 0:16:11]} 55. Bd3 {[%clk 0:34:02]} Nf5+ {[%clk 0:16:01]} 56. Bxf5
{[%clk 0:34:10]} gxf5 {[%clk 0:15:31]} 57. Ke5 {[%clk 0:32:01]} h5
{[%clk 0:15:04]} 58. Kf6 {[%clk 0:31:00]} Bd5 {[%clk 0:15:08]} 59. Kg6
{[%clk 0:30:11]} Bf3 {[%clk 0:15:30]} 60. Bd4 {[%clk 0:30:25]} Kc6
{[%clk 0:15:36]} 61. Be5 {[%clk 0:29:40]} Kb5 {[%clk 0:15:50]} 62. Bd6
{[%clk 0:29:34]} Kc6 {[%clk 0:16:08]} 63. Kf6 {[%clk 0:29:44]} Bd5
{[%clk 0:16:36]} 64. Ke7 {[%clk 0:29:25]} Bc4 {[%clk 0:16:46]} 1/2-1/2

[Event "WCO 2016"]
[Site "?"]
[Date "2016.09.13"]
[Round "11"]
[Board "29"]
[WhiteID "2401312"]
[White "Milligan Helen"]
[BlackID "4001249"]
[Black "Steil-Antoni Fiona"]
[Result "1/2-1/2"]
[BlackElo "2159"]
[WhiteElo "2040"]
[LiveChessVersion "1.4.8"]

1. e4 {[%clk 1:30:57]} c6 {[%clk 1:30:51]} 2. d4 {[%clk 1:31:21]} d5
{[%clk 1:31:16]} 3. Nc3 {[%clk 1:31:23]} a6 {[%clk 1:31:38]} 4. Nf3
{[%clk 1:28:00]} Bg4 {[%clk 1:31:55]} 5. Be2 {[%clk 1:27:58]} e6 {[%clk 1:31:58]}
6. Be3 {[%clk 1:24:32]} Nf6 {[%clk 1:30:52]} 7. e5 {[%clk 1:21:54]} Nfd7
{[%clk 1:31:11]} 8. Nd2 {[%clk 1:18:20]} Bxe2 {[%clk 1:30:08]} 9. Nxe2
{[%clk 1:18:28]} c5 {[%clk 1:29:38]} 10. c3 {[%clk 1:18:24]} Nc6 {[%clk 1:29:27]}
11. f4 {[%clk 1:16:52]} b5 {[%clk 1:25:06]} 12. O-O {[%clk 1:13:38]} g6
{[%clk 1:21:13]} 13. Nf3 {[%clk 1:09:43]} c4 {[%clk 1:18:59]} 14. Qd2
{[%clk 1:00:04]} b4 {[%clk 1:15:21]} 15. g4 {[%clk 0:53:02]} h5 {[%clk 1:12:06]}
16. h3 {[%clk 0:52:53]} hxg4 {[%clk 1:09:45]} 17. hxg4 {[%clk 0:53:08]} f5
{[%clk 1:07:03]} 18. Kg2 {[%clk 0:49:09]} Qa5 {[%clk 1:00:29]} 19. Ng5
{[%clk 0:45:26]} Nd8 {[%clk 0:59:19]} 20. Qe1 {[%clk 0:41:42]} Be7
{[%clk 0:55:36]} 21. Rh1 {[%clk 0:41:40]} Rxh1 {[%clk 0:55:19]} 22. Qxh1
{[%clk 0:42:03]} Nf8 {[%clk 0:54:26]} 23. Nh7 {[%clk 0:40:22]} bxc3
{[%clk 0:51:25]} 24. bxc3 {[%clk 0:38:25]} Rb8 {[%clk 0:49:55]} 25. Nxf8
{[%clk 0:37:23]} Bxf8 {[%clk 0:49:49]} 26. Qh7 {[%clk 0:37:13]} Rb2
{[%clk 0:47:14]} 27. Qxg6+ {[%clk 0:37:34]} Kd7 {[%clk 0:47:30]} 28. Kf3
{[%clk 0:37:44]} fxg4+ {[%clk 0:43:11]} 29. Qxg4 {[%clk 0:38:03]} Rxa2
{[%clk 0:38:36]} 30. Rxa2 {[%clk 0:37:18]} Qxa2 {[%clk 0:37:40]} 31. f5
{[%clk 0:37:01]} Qb1 {[%clk 0:36:23]} 32. fxe6+ {[%clk 0:29:20]} Nxe6
{[%clk 0:36:33]} 33. Kg2 {[%clk 0:24:21]} Qc2 {[%clk 0:25:50]} 34. Kg3
{[%clk 0:22:48]} Qd3 {[%clk 0:24:06]} 35. Kf2 {[%clk 0:20:46]} Qc2
{[%clk 0:23:03]} 1/2-1/2

[Event "WCO 2016"]
[Site "?"]
[Date "2016.09.13"]
[Round "11"]
[Board "30"]
[WhiteID "4000730"]
[White "Bakalarz Grazyna"]
[BlackID "4304632"]
[Black "Zhang Jasmine Haomo"]
[Result "1/2-1/2"]
[BlackElo "1721"]
[WhiteElo "1953"]
[LiveChessVersion "1.4.8"]

1. d4 {[%clk 1:30:58]} d5 {[%clk 1:30:52]} 2. Nf3 {[%clk 1:30:35]} Nf6
{[%clk 1:30:40]} 3. c4 {[%clk 1:30:21]} e6 {[%clk 1:31:00]} 4. Nc3
{[%clk 1:30:14]} Be7 {[%clk 1:31:06]} 5. Bg5 {[%clk 1:28:52]} c6 {[%clk 1:30:49]}
6. e3 {[%clk 1:27:02]} O-O {[%clk 1:30:37]} 7. Qc2 {[%clk 1:26:34]} Nbd7
{[%clk 1:30:37]} 8. cxd5 {[%clk 1:25:41]} exd5 {[%clk 1:30:52]} 9. Bd3
{[%clk 1:25:46]} Re8 {[%clk 1:30:34]} 10. O-O {[%clk 1:26:06]} Nf8
{[%clk 1:28:40]} 11. Rab1 {[%clk 1:25:37]} a5 {[%clk 1:28:49]} 12. a3
{[%clk 1:25:38]} Ng6 {[%clk 1:27:20]} 13. b4 {[%clk 1:13:31]} axb4
{[%clk 1:27:13]} 14. axb4 {[%clk 1:13:51]} Ne4 {[%clk 1:25:39]} 15. Bxe7
{[%clk 1:13:19]} Qxe7 {[%clk 1:25:53]} 16. b5 {[%clk 1:06:14]} Ra3
{[%clk 1:20:28]} 17. Bxe4 {[%clk 1:03:53]} dxe4 {[%clk 1:16:14]} 18. Nd2
{[%clk 1:03:49]} f5 {[%clk 1:11:03]} 19. Nc4 {[%clk 0:57:50]} Ra7
{[%clk 1:08:42]} 20. bxc6 {[%clk 0:54:44]} bxc6 {[%clk 1:08:19]} 21. Na4
{[%clk 0:47:37]} Be6 {[%clk 1:04:55]} 22. Nc5 {[%clk 0:42:07]} Bd5
{[%clk 1:05:02]} 23. Nb6 {[%clk 0:40:32]} Nh4 {[%clk 1:00:42]} 24. Nxd5
{[%clk 0:33:23]} cxd5 {[%clk 1:00:56]} 25. Kh1 {[%clk 0:26:49]} Qg5
{[%clk 0:56:33]} 26. Rg1 {[%clk 0:27:06]} Rf7 {[%clk 0:54:35]} 27. Qa4
{[%clk 0:24:56]} Rc8 {[%clk 0:53:14]} 28. Qa6 {[%clk 0:22:28]} Qd8
{[%clk 0:51:03]} 29. Qe6 {[%clk 0:18:35]} Kf8 {[%clk 0:50:23]} 30. Qb6
{[%clk 0:18:26]} Qe7 {[%clk 0:34:33]} 31. Ne6+ {[%clk 0:11:25]} Kg8
{[%clk 0:33:25]} 32. Nf4 {[%clk 0:09:38]} Rc2 {[%clk 0:32:08]} 33. Rb2
{[%clk 0:08:51]} Rxb2 {[%clk 0:31:38]} 34. Qxb2 {[%clk 0:09:19]} Qd6
{[%clk 0:30:58]} 35. Qa2 {[%clk 0:08:13]} Rd7 {[%clk 0:31:14]} 36. Rc1
{[%clk 0:07:14]} g5 {[%clk 0:30:39]} 37. Qa8+ {[%clk 0:05:15]} Kg7
{[%clk 0:27:29]} 38. Nh5+ {[%clk 0:05:00]} Kf7 {[%clk 0:26:33]} 39. Rc6
{[%clk 0:04:54]} Rd8 {[%clk 0:24:58]} 40. Qb7+ {[%clk 0:34:06]} Rd7
{[%clk 0:55:12]} 41. Qb6 {[%clk 0:20:21]} Qa3 {[%clk 0:47:40]} 42. Rf6+
{[%clk 0:19:55]} Ke7 {[%clk 0:47:37]} 43. h3 {[%clk 0:18:09]} Qc1+
{[%clk 0:41:26]} 44. Kh2 {[%clk 0:18:36]} Qc7+ {[%clk 0:41:10]} 45. Qxc7
{[%clk 0:16:14]} Rxc7 {[%clk 0:41:33]} 46. Rh6 {[%clk 0:16:20]} Rc2
{[%clk 0:40:56]} 47. Rxh7+ {[%clk 0:16:38]} Ke6 {[%clk 0:40:43]} 48. Kg3
{[%clk 0:15:51]} Rc3 {[%clk 0:36:50]} 49. Rh6+ {[%clk 0:15:42]} Ke7
{[%clk 0:37:08]} 50. Ng7 {[%clk 0:14:41]} f4+ {[%clk 0:35:50]} 51. Kg4
{[%clk 0:14:15]} fxe3 {[%clk 0:35:05]} 52. fxe3 {[%clk 0:14:06]} Nxg2
{[%clk 0:34:09]} 53. Nf5+ {[%clk 0:14:11]} Kf7 {[%clk 0:33:28]} 54. Kxg5
{[%clk 0:13:39]} Nxe3 {[%clk 0:33:34]} 55. Rf6+ {[%clk 0:13:07]} Ke8
{[%clk 0:33:14]} 56. Nxe3 {[%clk 0:12:09]} Rxe3 {[%clk 0:33:36]} 57. Rd6
{[%clk 0:12:24]} Rxh3 {[%clk 0:33:40]} 58. Rxd5 {[%clk 0:12:31]} Rf3
{[%clk 0:32:19]} 59. Kg4 {[%clk 0:11:32]} Rf8 {[%clk 0:31:57]} 60. Re5+
{[%clk 0:11:39]} Kd7 {[%clk 0:32:09]} 61. Rxe4 {[%clk 0:11:35]} Kd6
{[%clk 0:32:23]} 62. Rf4 {[%clk 0:09:26]} Rxf4+ {[%clk 0:30:26]} 63. Kxf4
{[%clk 0:09:54]} Kd5 {[%clk 0:30:39]} 64. Ke3 {[%clk 0:10:23]} Kd6
{[%clk 0:30:39]} 65. Ke4 {[%clk 0:10:49]} Ke6 {[%clk 0:30:47]} 66. d5+
{[%clk 0:11:15]} Kd7 {[%clk 0:30:33]} 67. Ke5 {[%clk 0:11:40]} Ke7
{[%clk 0:30:55]} 68. d6+ {[%clk 0:11:57]} Kd8 {[%clk 0:30:51]} 69. Kf6
{[%clk 0:12:10]} Kd7 {[%clk 0:31:06]} 70. Ke5 {[%clk 0:12:34]} Kd8
{[%clk 0:31:27]} 71. Ke6 {[%clk 0:13:00]} Ke8 {[%clk 0:31:51]} 72. Kf6
{[%clk 0:13:14]} Kd7 {[%clk 0:32:14]} 1/2-1/2

[Event "WCO 2016"]
[Site "?"]
[Date "2016.09.13"]
[Round "11"]
[Board "31"]
[WhiteID "4306392"]
[White "Song Kate"]
[BlackID "4002970"]
[Black "Kremer Nadine"]
[Result "0-1"]
[BlackElo "1844"]
[WhiteElo "1681"]
[LiveChessVersion "1.4.8"]

1. e4 {[%clk 1:30:58]} Nf6 {[%clk 1:30:51]} 2. Nc3 {[%clk 1:31:10]} d5
{[%clk 1:31:13]} 3. exd5 {[%clk 1:31:07]} Nxd5 {[%clk 1:31:36]} 4. Nxd5
{[%clk 1:31:28]} Qxd5 {[%clk 1:31:58]} 5. Nf3 {[%clk 1:31:16]} Bg4
{[%clk 1:31:56]} 6. Be2 {[%clk 1:31:35]} Nc6 {[%clk 1:31:44]} 7. O-O
{[%clk 1:29:48]} O-O-O {[%clk 1:29:49]} 8. d3 {[%clk 1:29:38]} e5
{[%clk 1:28:51]} 9. Re1 {[%clk 1:22:23]} e4 {[%clk 1:15:58]} 10. dxe4
{[%clk 1:21:59]} Qxe4 {[%clk 1:16:17]} 11. Bd3 {[%clk 1:19:36]} Qd5
{[%clk 1:07:51]} 12. Be2 {[%clk 1:16:03]} Qc5 {[%clk 0:58:48]} 13. Bd2
{[%clk 1:15:02]} Nb4 {[%clk 0:49:42]} 14. Bxb4 {[%clk 1:13:11]} Qxb4
{[%clk 0:49:59]} 15. Qc1 {[%clk 1:13:04]} Bc5 {[%clk 0:43:20]} 16. c3
{[%clk 1:11:10]} Qb6 {[%clk 0:41:46]} 17. Rf1 {[%clk 1:11:25]} Rhe8
{[%clk 0:34:25]} 18. Qc2 {[%clk 1:10:19]} Qe6 {[%clk 0:31:13]} 19. Bd3
{[%clk 1:08:36]} Kb8 {[%clk 0:30:48]} 20. Ng5 {[%clk 1:06:29]} Qd5
{[%clk 0:30:36]} 21. Ne4 {[%clk 1:05:33]} Bb6 {[%clk 0:25:39]} 22. Rad1
{[%clk 1:05:11]} Bxd1 {[%clk 0:25:59]} 23. Rxd1 {[%clk 1:05:38]} Rxe4
{[%clk 0:25:31]} 24. Be2 {[%clk 1:05:54]} Rxe2 {[%clk 0:24:13]} 0-1

[Event "WCO 2016"]
[Site "?"]
[Date "2016.09.13"]
[Round "11"]
[Board "32"]
[WhiteID "4001516"]
[White "Blond Hanten Elsa"]
[BlackID "4305337"]
[Black "Braganza Nadia"]
[Result "1/2-1/2"]
[BlackElo "1392"]
[WhiteElo "1745"]
[LiveChessVersion "1.4.8"]

1. e4 {[%clk 1:30:59]} c5 {[%clk 1:30:47]} 2. Nf3 {[%clk 1:31:21]} Nc6
{[%clk 1:30:55]} 3. d4 {[%clk 1:31:43]} cxd4 {[%clk 1:31:10]} 4. Nxd4
{[%clk 1:32:08]} g6 {[%clk 1:30:22]} 5. Nc3 {[%clk 1:32:24]} Bg7 {[%clk 1:30:01]}
6. Be3 {[%clk 1:32:44]} Nf6 {[%clk 1:29:44]} 7. Bc4 {[%clk 1:32:50]} O-O
{[%clk 1:28:21]} 8. Bb3 {[%clk 1:33:06]} d6 {[%clk 1:27:29]} 9. h3
{[%clk 1:33:20]} Bd7 {[%clk 1:26:20]} 10. O-O {[%clk 1:32:55]} Nxd4
{[%clk 1:09:50]} 11. Bxd4 {[%clk 1:32:52]} Bc6 {[%clk 1:09:57]} 12. Qd3
{[%clk 1:29:07]} Nh5 {[%clk 0:44:11]} 13. Be3 {[%clk 1:16:37]} Qa5
{[%clk 0:28:40]} 14. Nd5 {[%clk 1:02:25]} Bxd5 {[%clk 0:15:49]} 15. Bxd5
{[%clk 1:02:37]} Qc7 {[%clk 0:15:49]} 16. Rab1 {[%clk 0:59:06]} Nf6
{[%clk 0:14:28]} 17. Bb3 {[%clk 0:57:26]} Qc6 {[%clk 0:13:54]} 18. Rfe1
{[%clk 0:45:20]} Qxe4 {[%clk 0:09:27]} 19. Qxe4 {[%clk 0:41:48]} Nxe4
{[%clk 0:09:50]} 20. Bf4 {[%clk 0:40:13]} e5 {[%clk 0:05:45]} 21. Rxe4
{[%clk 0:39:14]} exf4 {[%clk 0:06:10]} 22. Rxf4 {[%clk 0:39:33]} Rad8
{[%clk 0:04:53]} 23. c3 {[%clk 0:37:37]} b6 {[%clk 0:04:26]} 24. Re1
{[%clk 0:32:27]} Be5 {[%clk 0:04:31]} 25. Rfe4 {[%clk 0:30:58]} Rd7
{[%clk 0:00:43]} 26. Ba4 {[%clk 0:27:46]} Rc7 {[%clk 0:00:45]} 27. Rd1
{[%clk 0:27:57]} f5 {[%clk 0:00:43]} 28. Re3 {[%clk 0:26:39]} Rcc8
{[%clk 0:00:36]} 29. Rf1 {[%clk 0:23:46]} Rcd8 {[%clk 0:00:57]} 30. f4
{[%clk 0:19:55]} Bf6 {[%clk 0:01:21]} 31. Rd1 {[%clk 0:19:05]} Kg7
{[%clk 0:01:05]} 32. Re6 {[%clk 0:17:25]} d5 {[%clk 0:01:03]} 33. Kf1
{[%clk 0:07:47]} d4 {[%clk 0:00:45]} 34. cxd4 {[%clk 0:06:44]} Rxd4
{[%clk 0:00:55]} 35. Rxd4 {[%clk 0:07:02]} Bxd4 {[%clk 0:01:21]} 36. b3
{[%clk 0:06:38]} Bf6 {[%clk 0:00:48]} 37. Bb5 {[%clk 0:05:38]} h6
{[%clk 0:00:37]} 38. Kf2 {[%clk 0:04:52]} g5 {[%clk 0:00:56]} 39. Kf3
{[%clk 0:04:24]} Rf7 {[%clk 0:00:47]} 40. Bd3 {[%clk 0:33:52]} Kg6
{[%clk 0:30:39]} 41. g4 {[%clk 0:32:29]} Re7 {[%clk 0:28:28]} 42. Bxf5+
{[%clk 0:30:50]} Kg7 {[%clk 0:28:26]} 43. Rd6 {[%clk 0:30:17]} gxf4
{[%clk 0:28:23]} 44. Rd7 {[%clk 0:25:33]} Rxd7 {[%clk 0:28:12]} 45. Bxd7
{[%clk 0:25:58]} Bg5 {[%clk 0:28:25]} 46. h4 {[%clk 0:25:57]} Bxh4
{[%clk 0:28:35]} 47. Kxf4 {[%clk 0:26:22]} Kf6 {[%clk 0:28:55]} 48. Bf5
{[%clk 0:26:04]} Bf2 {[%clk 0:28:18]} 49. Ke4 {[%clk 0:25:44]} a5
{[%clk 0:27:27]} 50. Bd7 {[%clk 0:25:05]} 1/2-1/2

[Event "WCO 2016"]
[Site "?"]
[Date "2016.09.13"]
[Round "11"]
[Board "29"]
[WhiteID "1404695"]
[White "Vovk Oksana"]
[BlackID "7602049"]
[Black "Farha Doha"]
[Result "1-0"]
[BlackElo "1851"]
[WhiteElo "2204"]
[LiveChessVersion "1.4.8"]

1. d4 {[%clk 1:30:57]} d5 {[%clk 1:30:55]} 2. c4 {[%clk 1:31:19]} e6
{[%clk 1:31:20]} 3. Nf3 {[%clk 1:31:05]} c6 {[%clk 1:31:41]} 4. e3
{[%clk 1:30:42]} Nf6 {[%clk 1:32:02]} 5. Nbd2 {[%clk 1:30:31]} Nbd7
{[%clk 1:30:40]} 6. b3 {[%clk 1:30:42]} Bb4 {[%clk 1:24:15]} 7. Bb2
{[%clk 1:24:02]} Ne4 {[%clk 1:15:59]} 8. a3 {[%clk 1:23:21]} Bxd2+
{[%clk 1:07:30]} 9. Nxd2 {[%clk 1:23:31]} Ndf6 {[%clk 1:07:38]} 10. f3
{[%clk 1:21:35]} Nxd2 {[%clk 1:07:33]} 11. Qxd2 {[%clk 1:21:59]} O-O
{[%clk 1:06:15]} 12. Bd3 {[%clk 1:21:20]} Nd7 {[%clk 0:57:05]} 13. O-O
{[%clk 1:14:32]} f5 {[%clk 0:48:22]} 14. e4 {[%clk 1:06:44]} f4 {[%clk 0:44:32]}
15. Rae1 {[%clk 0:56:40]} Nf6 {[%clk 0:31:07]} 16. exd5 {[%clk 0:52:53]} exd5
{[%clk 0:31:16]} 17. Qxf4 {[%clk 0:52:39]} Nh5 {[%clk 0:27:55]} 18. Qd2
{[%clk 0:49:24]} Nf4 {[%clk 0:27:21]} 19. Bc2 {[%clk 0:48:04]} Qg5
{[%clk 0:26:28]} 20. Kh1 {[%clk 0:47:50]} Qf6 {[%clk 0:15:53]} 21. cxd5
{[%clk 0:38:06]} cxd5 {[%clk 0:15:45]} 22. Re5 {[%clk 0:37:50]} Be6
{[%clk 0:14:19]} 23. Bc1 {[%clk 0:33:26]} Rac8 {[%clk 0:11:23]} 24. Bb1
{[%clk 0:31:58]} g5 {[%clk 0:07:04]} 25. Qe1 {[%clk 0:27:25]} Rc6
{[%clk 0:04:11]} 26. Qg3 {[%clk 0:22:20]} h6 {[%clk 0:03:06]} 27. h4
{[%clk 0:19:09]} Nh5 {[%clk 0:01:01]} 28. Qh2 {[%clk 0:18:45]} Ng7
{[%clk 0:00:34]} 29. hxg5 {[%clk 0:18:54]} hxg5 {[%clk 0:00:58]} 30. Bxg5
{[%clk 0:19:04]} 1-0